Letter Chain #3 - Statistics

General Stats
  • This quiz has been taken 48 times
    44 since last reset
  • The average score is 17 of 30
Answer Stats
Hint Answer % Correct
A male ruler King
80%
A baby sheep Lamb
80%
365 days, sometimes 366 Year
80%
The force that holds you to the ground Gravity
78%
A crop used to create bread Wheat
78%
The second most populous city in the United Kingdom Birmingham
75%
A small lizard type reptile Gecko
75%
When you have something, it’s yours Own
73%
A food company situated in Vevey, Switzerland Nestle
70%
A specific distance, back garden Yard
68%
The yellow stuff in your ear Earwax
65%
Where you get letters Mailbox
65%
A smooth skinned peach part of the rose family Nectarine
65%
The opposite of a dream Nightmare
65%
Very heavy, lots of Ton
65%
Boring, not exciting Dull
63%
A book with over 60,000 words Novel
60%
The chemical element 54 Xenon
60%
The person who everyone follows Leader
53%
Destroy, make something bad Ruin
53%
A beige, oval shaped object Egg
50%
The seventeenth word in this Hint column Element
45%
Want something badly Yearn
45%
A spall space, thin Narrow
35%
Someone who possesses a property Tenant
33%
Something that you get when you charge something Battery
28%
The way of saying spelling, reading and writing combined Literacy
28%
A comment regarding mark Remark
15%
Something that is sword shaped Xiphoid
5%
Someone who thinks about other people Thoughtful
3%
No matching quizzes found
Score Distribution
Percent of People with Each Score
Percentile by Number Answered
Your Score History
You have not taken this quiz since the last reset